[Event "Barcelona Sant Marti op-B 25th"]
[Site "Barcelona"]
[Date "2025.07.21"]
[Round "9"]
[White "McLean, Rory"]
[Black "Garcia Punzano, Josep Lluis"]
[Result "1-0"]
[WhiteElo "1757"]
[BlackElo "1838"]
[PlyCount "77"]
[EventDate "2025.07.13"]
[EventType "swiss"]
[EventRounds "9"]
[EventCountry "ESP"]
[SourceTitle "CB30_2025"]
[SourceDate "2025.07.23"]
[SourceVersion "1"]
[SourceVersionDate "2025.07.23"]
[SourceQuality "1"]

1. d4 d5 2. c4 e6 3. Nc3 Nf6 4. cxd5 exd5 5. Bg5 Be7 6. Qc2 c6 7. e3 Nbd7 8. Bd3 h6 9. Bf4 Nh5 10. Nf3 Nxf4 11. exf4 Nf6 12. 0-0 0-0 13. Ne5 Bd6 14. Rfe1 a6 15. Na4 Nd7 16. Nxc6 bxc6 17. Qxc6 Bb4 18. Qxa8 Bxe1 19. Rxe1 Qa5 20. Nc3 Nb6 21. Qc6 Qb4 22. Qc5 Qxb2 23. Nxd5 Nxd5 24. Qxd5 Qc3 25. Qe4 f5 26. Qe3 Qa5 27. Bc4+ Kh8 28. Qe7 Rd8 29. h4 Bd7 30. h5 Qc7 31. Bxa6 Re8 32. Qb4 Rxe1+ 33. Qxe1 Qxf4 34. d5 Qg5 35. d6 Qxh5 36. Qe7 Qd1+ 37. Bf1 Bb5 38. Qf8+ Kh7 39. Qxf5+ 1-0

[Event "Barcelona Sant Marti op-B 24th"]
[Site "Barcelona"]
[Date "2024.07.14"]
[Round "2"]
[White "Martinez Rodriguez, Jose Gregorio"]
[Black "Garcia Punzano, Josep Lluis"]
[Result "0-1"]
[WhiteElo "1861"]
[BlackElo "1773"]
[PlyCount "108"]
[EventDate "2024.07.13"]
[EventType "swiss"]
[EventRounds "9"]
[EventCountry "ESP"]
[SourceTitle "EXT 2025"]
[Source "ChessBase"]
[SourceDate "2024.10.14"]
[SourceVersion "1"]
[SourceVersionDate "2024.10.14"]
[SourceQuality "1"]

1. e4 c5 2. Nf3 d6 3. d4 cxd4 4. Nxd4 Nf6 5. f3 e5 6. Nb3 Nc6 7. c4 Be6 8. Be3 a5 9. a4 Rc8 10. Nc3 Nb4 11. Nd5 Bxd5 12. exd5 Be7 13. Be2 0-0 14. 0-0 Nd7 15. Qd2 f5 16. f4 Nf6 17. fxe5 Ne4 18. Qd1 dxe5 19. Bd3 Nxd3 20. Qxd3 Qc7 21. Rac1 Nc5 22. Nxc5 Bxc5 23. Rfd1 e4 24. Qd2 f4 25. Bxc5 Qxc5+ 26. Qd4 g5 27. Kf1 Qxd4 28. Rxd4 e3 29. Ke2 Kg7 30. Rf1 Rce8 31. Rf3 Kf6 32. d6 Ke6 33. g3 Kd7 34. Rd5 h6 35. Rxa5 Kxd6 36. Rd5+ Kc6 37. gxf4 gxf4 38. Rd4 Rg8 39. Rfxf4 Rg2+ 40. Ke1 Rxh2 41. b3 Rg8 42. Rd5 Rb2 43. Rf6+ Kc7 44. Rf7+ Kc8 45. Rdf5 Rgg2 46. Rf8+ Kc7 47. R8f7+ Kb8 48. Rf8+ Ka7 49. Ra5+ Kb6 50. Rb5+ Kc6 51. Rf6+ Kc7 52. Rf7+ Kd8 53. Rd5+ Ke8 54. Rff5 Rb1+ 0-1

[Event "Foment Martinenc op-B 24th"]
[Site "Barcelona"]
[Date "2024.05.11"]
[Round "4"]
[White "Tornay Araujo, Marc"]
[Black "Garcia Punzano, Josep Lluis"]
[Result "1-0"]
[WhiteElo "1588"]
[BlackElo "1777"]
[PlyCount "129"]
[EventDate "2024.04.20"]
[EventType "swiss"]
[EventRounds "9"]
[EventCountry "ESP"]
[SourceTitle "CBM 220 Extra"]
[Source "ChessBase"]
[SourceDate "2024.07.31"]
[SourceVersion "1"]
[SourceVersionDate "2024.07.31"]
[SourceQuality "1"]

1. e4 c6 2. d4 d5 3. Nc3 dxe4 4. Nxe4 Bf5 5. Ng3 Bg6 6. Nf3 Nd7 7. Bd3 Bxd3 8. Qxd3 Ngf6 9. Be3 e6 10. 0-0 Be7 11. c4 0-0 12. a3 a5 13. b3 Nb6 14. Bf4 c5 15. Rfd1 cxd4 16. Qxd4 Qxd4 17. Rxd4 Bc5 18. Rd2 Rad8 19. Rxd8 Rxd8 20. b4 axb4 21. axb4 Be7 22. Bc7 Ra8 23. Rc1 Nfd7 24. Bxb6 Nxb6 25. c5 Rc8 26. Ne5 Nd5 27. Nd3 g6 28. b5 f6 29. Ne2 e5 30. f3 Kf7 31. Kf1 Ke6 32. Nc3 Ne3+ 33. Kf2 Nf5 34. Ne4 Nd4 35. b6 f5 36. Nd2 Bg5 37. Rd1 e4 38. f4 exd3 39. fxg5 Rxc5 40. Ke3 Nc6 41. Kxd3 Ne5+ 42. Kd4 Rb5 43. Re1 Kd6 44. Rxe5 Rb4+ 45. Kc3 Rg4 46. Re2 Rxg5 47. Nc4+ Kc6 48. g3 h5 49. Re6+ Kc5 50. Ne5 Kd5 51. Rxg6 Rxg6 52. Nxg6 Kc5 53. Nf4 Kxb6 54. Nxh5 Kc5 55. Ng7 f4 56. gxf4 Kd5 57. h4 Ke4 58. f5 Ke5 59. h5 Kf6 60. h6 Kf7 61. Nh5 Kg8 62. f6 b5 63. Kb4 Kh8 64. f7 Kh7 65. Nf6+ 1-0

[Event "Foment Martinenc op-B 24th"]
[Site "Barcelona"]
[Date "2024.04.20"]
[Round "1"]
[White "Garcia Punzano, Josep Lluis"]
[Black "Liebana Franco, Iker"]
[Result "1-0"]
[WhiteElo "1777"]
[BlackElo "1562"]
[PlyCount "59"]
[EventDate "2024.04.20"]
[EventType "swiss"]
[EventRounds "9"]
[EventCountry "ESP"]
[SourceTitle "CBM 220 Extra"]
[Source "ChessBase"]
[SourceDate "2024.07.31"]
[SourceVersion "1"]
[SourceVersionDate "2024.07.31"]
[SourceQuality "1"]

1. e4 e5 2. Nf3 Nc6 3. Bb5 Nge7 4. Nc3 Ng6 5. h4 Bc5 6. h5 Nge7 7. d4 Bxd4 8. Nxd4 Nxd4 9. Bc4 Nec6 10. Nd5 d6 11. c3 Ne6 12. Qg4 Rg8 13. Qf3 b6 14. h6 Na5 15. Bd3 c6 16. Ne3 Nf4 17. Bc2 Ba6 18. Nf5 gxh6 19. Bxf4 exf4 20. Rxh6 Nb7 21. 0-0-0 Qg5 22. Nxd6+ Nxd6 23. Rhxd6 Qxg2 24. Qxf4 Qg5 25. Qxg5 Rxg5 26. Rxc6 Rg6 27. Rc7 Rf6 28. Rd2 h5 29. e5 Rh6 30. Be4 1-0

[Event "Sant Adria de Besos op-B 5th"]
[Site "Sant Adria de Besos"]
[Date "2023.08.13"]
[Round "3"]
[White "Carricondo Fernandez, Vicente"]
[Black "Garcia Punzano, Josep Lluis"]
[Result "1/2-1/2"]
[WhiteElo "1701"]
[BlackElo "1552"]
[PlyCount "74"]
[EventDate "2023.08.11"]
[EventType "swiss"]
[EventRounds "9"]
[EventCountry "ESP"]
[SourceTitle "EXT 2024"]
[Source "ChessBase"]
[SourceDate "2023.10.10"]
[SourceVersion "1"]
[SourceVersionDate "2023.10.10"]
[SourceQuality "1"]

1. e4 c5 2. Nf3 d6 3. d4 cxd4 4. Nxd4 a6 5. Nc3 Nf6 6. Be2 e5 7. Nf3 Be6 8. Ng5 Be7 9. Nxe6 fxe6 10. Bc4 Qc8 11. Qd3 Nc6 12. a3 Nd4 13. Ne2 d5 14. exd5 exd5 15. Bb3 Nxb3 16. Qxb3 Qc6 17. 0-0 0-0 18. Bg5 Kh8 19. Rad1 Rad8 20. Ng3 Qd7 21. Kh1 h6 22. Bxf6 gxf6 23. Qf3 f5 24. Rfe1 Qe6 25. Qc3 Bf6 26. Nh5 e4 27. Nxf6 Qxf6 28. Qb3 Qc6 29. Re3 b5 30. Rh3 Rf6 31. Qe3 Kh7 32. c3 Qe6 33. Qf4 Rg6 34. Rg3 Rxg3 35. hxg3 Kg6 36. Kg1 Qd6 37. Qe3 Qe5 1/2-1/2

[Event "Barcelona Sant Marti op-B 23rd"]
[Site "Barcelona"]
[Date "2023.07.21"]
[Round "9"]
[White "Fernandez Garcia, Josep"]
[Black "Garcia Punzano, Josep Lluis"]
[Result "0-1"]
[WhiteElo "1357"]
[BlackElo "1596"]
[PlyCount "66"]
[EventDate "2023.07.13"]
[EventType "swiss"]
[EventRounds "9"]
[EventCountry "ESP"]
[SourceTitle "CBM 215 Extra"]
[Source "ChessBase"]
[SourceDate "2023.09.30"]
[SourceVersion "1"]
[SourceVersionDate "2023.09.30"]
[SourceQuality "1"]

1. e4 c5 2. Nc3 a6 3. a4 e6 4. Bc4 Nc6 5. d3 g6 6. Be3 d6 7. Nf3 Bg7 8. Qd2 Nge7 9. d4 d5 10. exd5 exd5 11. Ba2 c4 12. Bh6 0-0 13. 0-0 Bg4 14. Ne5 Nxe5 15. dxe5 Be6 16. Bxg7 Kxg7 17. Ne2 Nc6 18. Qc3 b5 19. axb5 axb5 20. Nd4 Nxd4 21. Qxd4 Qc7 22. b3 Ra7 23. bxc4 dxc4 24. Bb1 Rxa1 25. Qxa1 c3 26. Re1 Rd8 27. Ba2 Ra8 28. Qb1 Rxa2 29. Qxb5 Rxc2 30. Qd3 Rb2 31. Qd4 Qb6 32. Qxb6 Rxb6 33. h3 c2 0-1

[Event "Barcelona Sant Marti op-B 23rd"]
[Site "Barcelona"]
[Date "2023.07.18"]
[Round "6"]
[White "Garcia Punzano, Josep Lluis"]
[Black "Pons Camacho, Marc"]
[Result "1-0"]
[WhiteElo "1596"]
[BlackElo "1699"]
[PlyCount "23"]
[EventDate "2023.07.13"]
[EventType "swiss"]
[EventRounds "9"]
[EventCountry "ESP"]
[SourceTitle "CBM 215 Extra"]
[Source "ChessBase"]
[SourceDate "2023.09.30"]
[SourceVersion "1"]
[SourceVersionDate "2023.09.30"]
[SourceQuality "1"]

1. e4 c5 2. Nf3 d6 3. d4 cxd4 4. Nxd4 Nf6 5. Nc3 a6 6. Be3 g6 7. f3 Bg7 8. Bc4 e6 9. Qd2 Nbd7 10. 0-0-0 b5 11. Bxe6 fxe6 12. Nxe6 1-0

[Event "Barcelona Sant Marti op-B 23rd"]
[Site "Barcelona"]
[Date "2023.07.16"]
[Round "4"]
[White "Garcia Punzano, Josep Lluis"]
[Black "Barbera Romero, Carles"]
[Result "0-1"]
[WhiteElo "1596"]
[BlackElo "1688"]
[PlyCount "106"]
[EventDate "2023.07.13"]
[EventType "swiss"]
[EventRounds "9"]
[EventCountry "ESP"]
[SourceTitle "CBM 215 Extra"]
[Source "ChessBase"]
[SourceDate "2023.09.30"]
[SourceVersion "1"]
[SourceVersionDate "2023.09.30"]
[SourceQuality "1"]

1. e4 c6 2. d4 d5 3. Nc3 dxe4 4. Nxe4 Nd7 5. Qe2 e6 6. Bf4 Ndf6 7. c3 Nxe4 8. Qxe4 Nf6 9. Qe5 Qb6 10. 0-0-0 c5 11. f3 cxd4 12. Bb5+ Bd7 13. Bxd7+ Nxd7 14. Qxd4 Qxd4 15. Rxd4 Be7 16. Bg3 Nb6 17. Ne2 0-0 18. Rhd1 Rfd8 19. Bf2 Rd5 20. Nf4 Rxd4 21. Rxd4 e5 22. Re4 Bg5 23. g3 exf4 24. gxf4 Bf6 25. Kc2 h6 26. a4 Rd8 27. a5 Nd5 28. Bxa7 Ra8 29. Bb6 Nxb6 30. axb6 Ra6 31. Rb4 Bd8 32. Re4 Kf8 33. Kd3 Rxb6 34. b4 Rd6+ 35. Kc4 Bf6 36. b5 Re6 37. h3 Rxe4+ 38. fxe4 b6 39. e5 Be7 40. Kd5 Bc5 41. f5 Ke7 42. h4 h5 43. c4 Bf2 44. Kc6 g6 45. fxg6 fxg6 46. Kd5 Bc5 47. Ke4 Ke6 48. Kf4 Be7 49. Ke4 Bxh4 50. c5 Bd8 51. c6 Bc7 52. Kf4 h4 53. Kg4 g5 0-1

[Event "Barcelona Sant Marti op-B 23rd"]
[Site "Barcelona"]
[Date "2023.07.14"]
[Round "2"]
[White "Garcia Punzano, Josep Lluis"]
[Black "Colome Rovira, Oscar"]
[Result "1/2-1/2"]
[WhiteElo "1596"]
[BlackElo "1758"]
[PlyCount "124"]
[EventDate "2023.07.13"]
[EventType "swiss"]
[EventRounds "9"]
[EventCountry "ESP"]
[SourceTitle "CBM 215 Extra"]
[Source "ChessBase"]
[SourceDate "2023.09.30"]
[SourceVersion "1"]
[SourceVersionDate "2023.09.30"]
[SourceQuality "1"]

1. e4 c5 2. Nf3 d6 3. d4 cxd4 4. Nxd4 Nf6 5. Nc3 a6 6. Be3 e5 7. Nb3 Be6 8. f3 Be7 9. Qd2 Nbd7 10. 0-0-0 Qc7 11. Kb1 b5 12. g4 Nb6 13. g5 Nfd7 14. Nd5 Bxd5 15. exd5 Nc4 16. Bxc4 bxc4 17. Na5 Rc8 18. Nc6 Nb8 19. Nxe5 c3 20. Qd3 Qb7 21. b3 dxe5 22. d6 Bd8 23. f4 e4 24. Qd4 Rg8 25. Qe5+ Kf8 26. Rd5 Nd7 27. Qxe4 g6 28. Bd4 Bxg5 29. fxg5 Re8 30. Qd3 Ne5 31. Bxe5 Rxe5 32. Rd1 Qxd5 33. Qxd5 Rxd5 34. Rxd5 Ke8 35. Ra5 Kd7 36. Rxa6 Re8 37. a4 Re1+ 38. Ka2 Rc1 39. Ra7+ Kxd6 40. Rxf7 Rxc2+ 41. Kb1 Rxh2 42. a5 Rb2+ 43. Kc1 Rxb3 44. a6 Rb2 45. Rxh7 Ke6 46. Rc7 Ra2 47. a7 Kf5 48. Kb1 Ra5 49. Rc5+ Rxc5 50. a8Q Kxg5 51. Qg2+ Kf6 52. Qf2+ Rf5 53. Qb6+ Kg5 54. Kc2 Kh6 55. Kxc3 Kg5 56. Kd3 Kh6 57. Ke4 Kg5 58. Kd3 Kh6 59. Ke4 Kg5 60. Qd8+ Kh6 61. Qh8+ Kg5 62. Qg7 Kh5 1/2-1/2

[Event "Sant Adria de Besos op 17th"]
[Site "Sant Adria de Besos"]
[Date "2023.06.11"]
[Round "8"]
[White "Molinero Martin, Joan"]
[Black "Garcia Punzano, Josep Lluis"]
[Result "1-0"]
[WhiteElo "2075"]
[BlackElo "1805"]
[PlyCount "120"]
[EventDate "2023.04.02"]
[EventType "swiss"]
[EventRounds "9"]
[EventCountry "ESP"]
[SourceTitle "EXT 2024"]
[Source "ChessBase"]
[SourceDate "2023.10.10"]
[SourceVersion "1"]
[SourceVersionDate "2023.10.10"]
[SourceQuality "1"]

1. e4 c5 2. Nf3 d6 3. d4 cxd4 4. Nxd4 Nf6 5. Nc3 a6 6. a4 e5 7. Nb3 Be6 8. Bg5 Be7 9. Be2 Nbd7 10. a5 0-0 11. 0-0 b6 12. axb6 Qxb6 13. Na4 Qc7 14. Nd2 d5 15. exd5 Nxd5 16. Bxe7 Nxe7 17. b3 Nf5 18. Bc4 Nd4 19. Bxe6 Nxe6 20. Nc4 Rfd8 21. Qc1 Qc6 22. Re1 f6 23. Qa3 Nd4 24. Ra2 Nf8 25. Qc5 Qxc5 26. Nxc5 a5 27. Nb7 Ne2+ 28. Kf1 Nc3 29. Raa1 Rd4 30. Nbxa5 Ne6 31. Nc6 Rxa1 32. Rxa1 Rd1+ 33. Rxd1 Nxd1 34. Ne7+ Kf7 35. Nd5 Nd4 36. Ke1 Ke6 37. Nc7+ Kd7 38. Kxd1 Kxc7 39. Kd2 Kc6 40. Kd3 Kc5 41. b4+ Kd5 42. Ne3+ Kc6 43. c4 Ne6 44. Nd5 Nd4 45. f4 Kd6 46. Nc3 Nc6 47. c5+ Ke6 48. b5 Nd4 49. fxe5 fxe5 50. Kc4 Nf5 51. b6 Kd7 52. Nd5 Kc6 53. Nb4+ Kb7 54. Kd5 g6 55. Kxe5 h5 56. Ke6 Nd4+ 57. Kf6 g5 58. Nd3 g4 59. Kg5 Ne2 60. Kxh5 Nf4+ 1-0

[Event "Foment Martinenc op-B 23rd"]
[Site "Barcelona"]
[Date "2023.06.03"]
[Round "7"]
[White "Rodriguez Batuecas, Jordi"]
[Black "Garcia Punzano, Josep Lluis"]
[Result "0-1"]
[WhiteElo "1497"]
[BlackElo "1604"]
[PlyCount "42"]
[EventDate "2023.04.22"]
[EventType "swiss"]
[EventRounds "9"]
[EventCountry "ESP"]
[SourceTitle "EXT 2024"]
[Source "ChessBase"]
[SourceDate "2023.10.10"]
[SourceVersion "1"]
[SourceVersionDate "2023.10.10"]
[SourceQuality "1"]

1. c4 e5 2. Nc3 Bb4 3. g3 Nf6 4. Bg2 c6 5. e3 0-0 6. Nge2 d5 7. cxd5 cxd5 8. a3 Bxc3 9. bxc3 Nc6 10. Bb2 Bf5 11. d4 e4 12. 0-0 Na5 13. Qc2 Nc4 14. Nc1 Qd7 15. Nb3 Bh3 16. Nc5 Qf5 17. Rae1 Qh5 18. Qe2 Ng4 19. f3 Ngxe3 20. Rf2 Bxg2 21. Rxg2 exf3 0-1

[Event "Foment Martinenc op-B 23rd"]
[Site "Barcelona"]
[Date "2023.05.27"]
[Round "6"]
[White "Garcia Punzano, Josep Lluis"]
[Black "Morales Rubiella, Albert"]
[Result "1-0"]
[WhiteElo "1604"]
[BlackElo "1415"]
[PlyCount "76"]
[EventDate "2023.04.22"]
[EventType "swiss"]
[EventRounds "9"]
[EventCountry "ESP"]
[SourceTitle "EXT 2024"]
[Source "ChessBase"]
[SourceDate "2023.10.10"]
[SourceVersion "1"]
[SourceVersionDate "2023.10.10"]
[SourceQuality "1"]

1. e4 e6 2. d4 d5 3. e5 c5 4. c3 Nc6 5. Nf3 cxd4 6. cxd4 Nh6 7. Nc3 Qb6 8. Bd3 Nf5 9. Bxf5 exf5 10. Nxd5 Bb4+ 11. Nxb4 Qxb4+ 12. Qd2 0-0 13. 0-0 Rd8 14. Qxb4 Nxb4 15. Bg5 Rd5 16. Rfd1 Be6 17. a3 Nc6 18. Rac1 h6 19. Be3 Rad8 20. b4 f4 21. Bxf4 Nxd4 22. Rxd4 Rxd4 23. Nxd4 Rxd4 24. Be3 Rd5 25. f4 a6 26. Rc3 Bf5 27. Kf2 Rd3 28. Rxd3 Bxd3 29. Bc5 Kh7 30. Ke3 Bf1 31. Kf3 Kg6 32. g4 h5 33. f5+ Kg5 34. Be3+ Kh4 35. g5 g6 36. e6 fxe6 37. f6 e5 38. f7 Kh3 1-0

[Event "Foment Martinenc op-B 23rd"]
[Site "Barcelona"]
[Date "2023.05.20"]
[Round "5"]
[White "Planas Sarmiento, Joan"]
[Black "Garcia Punzano, Josep Lluis"]
[Result "1-0"]
[WhiteElo "1726"]
[BlackElo "1604"]
[PlyCount "51"]
[EventDate "2023.04.22"]
[EventType "swiss"]
[EventRounds "9"]
[EventCountry "ESP"]
[SourceTitle "EXT 2024"]
[Source "ChessBase"]
[SourceDate "2023.10.10"]
[SourceVersion "1"]
[SourceVersionDate "2023.10.10"]
[SourceQuality "1"]

1. d4 Nf6 2. Bf4 g6 3. Nc3 Bg7 4. e4 d6 5. Qd2 c6 6. f3 b5 7. Bh6 Bxh6 8. Qxh6 Qa5 9. 0-0-0 b4 10. Nb1 Qxa2 11. e5 dxe5 12. dxe5 Nd5 13. Nh3 b3 14. Bc4 Qa5 15. Bxb3 Bxh3 16. gxh3 e6 17. Qg7 Rf8 18. Na3 Nd7 19. Nc4 Qc5 20. Qh6 Rb8 21. Qh4 Nxe5 22. Nxe5 Qe3+ 23. Kb1 Qxe5 24. Rhe1 Qf5 25. Rxd5 cxd5 26. Ba4+ 1-0

[Event "Foment Martinenc op-B 23rd"]
[Site "Barcelona"]
[Date "2023.05.06"]
[Round "3"]
[White "Garcia Punzano, Josep Lluis"]
[Black "Martinez Ayala, Jan"]
[Result "1-0"]
[WhiteElo "1604"]
[BlackElo "1277"]
[PlyCount "49"]
[EventDate "2023.04.22"]
[EventType "swiss"]
[EventRounds "9"]
[EventCountry "ESP"]
[SourceTitle "EXT 2024"]
[Source "ChessBase"]
[SourceDate "2023.10.10"]
[SourceVersion "1"]
[SourceVersionDate "2023.10.10"]
[SourceQuality "1"]

1. e4 c5 2. Nf3 Nc6 3. c3 d5 4. exd5 Qxd5 5. Be2 Bf5 6. Qa4 Nf6 7. 0-0 e6 8. d4 Be7 9. Ne5 cxd4 10. Nxc6 Qxc6 11. Bb5 0-0 12. Bxc6 bxc6 13. cxd4 c5 14. Be3 cxd4 15. Bxd4 Rfd8 16. Nc3 h6 17. Rad1 Re8 18. Rfe1 Rab8 19. b3 Bb4 20. Re5 Red8 21. Rb5 Rxb5 22. Nxb5 Bc5 23. Rc1 Bxd4 24. Nxd4 e5 25. Nxf5 1-0

[Event "Foment Martinenc op-B 23rd"]
[Site "Barcelona"]
[Date "2023.04.29"]
[Round "2"]
[White "Gonzalez Lopez, Marcelo"]
[Black "Garcia Punzano, Josep Lluis"]
[Result "1-0"]
[WhiteElo "1797"]
[BlackElo "1604"]
[PlyCount "97"]
[EventDate "2023.04.22"]
[EventType "swiss"]
[EventRounds "9"]
[EventCountry "ESP"]
[SourceTitle "EXT 2024"]
[Source "ChessBase"]
[SourceDate "2023.10.10"]
[SourceVersion "1"]
[SourceVersionDate "2023.10.10"]
[SourceQuality "1"]

1. e4 g6 2. d4 Bg7 3. Nf3 d6 4. c4 Nf6 5. Nc3 0-0 6. Be2 e5 7. dxe5 dxe5 8. 0-0 c6 9. Bg5 Qe7 10. Bh4 Nbd7 11. Qc2 h6 12. Rfe1 g5 13. Bg3 Nh5 14. Bxe5 Nxe5 15. Nxe5 Nf4 16. Nd3 Bxc3 17. Qxc3 Qxe4 18. Nxf4 Qxf4 19. Bd3 Be6 20. Re4 Qc7 21. Qf6 Rad8 22. Qxh6 Bf5 23. Qxg5+ Bg6 24. Re3 Qd6 25. Bxg6 fxg6 26. Rae1 Rd7 27. c5 Qf6 28. Qxf6 Rxf6 29. Re7 Rf7 30. Rxd7 Rxd7 31. g3 Rd2 32. Kf1 Rxb2 33. Re2 Rb1+ 34. Kg2 Kf7 35. h4 Rc1 36. Rb2 a5 37. Rxb7+ Kf6 38. g4 Rxc5 39. Ra7 Ke6 40. Kg3 Kf6 41. g5+ Ke6 42. Rg7 Rc3+ 43. f3 Kf5 44. Rf7+ Ke5 45. Rf6 c5 46. Rxg6 c4 47. Rc6 Kd5 48. Rc8 Ra3 49. g6 1-0

[Event "Sant Adria de Besos op 17th"]
[Site "Sant Adria de Besos"]
[Date "2023.04.02"]
[Round "1"]
[White "Marches Rios, Joan Manuel"]
[Black "Garcia Punzano, Josep Lluis"]
[Result "1-0"]
[WhiteElo "2154"]
[BlackElo "1805"]
[PlyCount "57"]
[EventDate "2023.04.02"]
[EventType "swiss"]
[EventRounds "9"]
[EventCountry "ESP"]
[SourceTitle "EXT 2024"]
[Source "ChessBase"]
[SourceDate "2023.10.10"]
[SourceVersion "1"]
[SourceVersionDate "2023.10.10"]
[SourceQuality "1"]

1. d4 Nf6 2. Nf3 g6 3. c4 Bg7 4. Nc3 0-0 5. e4 d6 6. Be2 e5 7. 0-0 Nc6 8. d5 Ne7 9. b4 b6 10. a4 a5 11. Ba3 Nd7 12. bxa5 Rxa5 13. Bb4 Ra8 14. a5 f5 15. axb6 Rxa1 16. Qxa1 Nxb6 17. Nd2 fxe4 18. Ndxe4 Nf5 19. Qa2 Nd4 20. Bd3 Qh4 21. c5 Nf3+ 22. gxf3 Rxf3 23. Be2 Rh3 24. cxb6 Rxh2 25. Ng3 Bh3 26. Kxh2 Bxf1+ 27. Kg1 Bxe2 28. Ncxe2 Qxb4 29. Qa8+ 1-0

[Event "Llinars del Valles op 1st"]
[Site "Llinars del Valles"]
[Date "2021.07.03"]
[Round "9"]
[White "Garcia Punzano, Josep Lluis"]
[Black "Cavalle Sanchez, Arnau"]
[Result "0-1"]
[WhiteElo "1654"]
[BlackElo "1209"]
[PlyCount "57"]
[EventDate "2021.06.25"]
[EventType "swiss"]
[EventRounds "9"]
[EventCountry "ESP"]
[SourceTitle "CBM 203 Extra"]
[Source "ChessBase"]
[SourceDate "2021.09.30"]
[SourceVersion "1"]
[SourceVersionDate "2021.09.30"]
[SourceQuality "1"]

1. e4 c5 2. Nf3 d6 3. d4 cxd4 4. Nxd4 Nf6 5. Nc3 a6 6. Bc4 e6 7. Be3 Nbd7 8. Qd2 Be7 9. Bxe6 Nc5 10. Bd5 Qb6 11. Nb3 Be6 12. f3 Qc7 13. 0-0 Rc8 14. Nxc5 dxc5 15. Bf4 Qd7 16. Rad1 Rd8 17. Bxe6 Qxe6 18. Qe2 0-0 19. Rxd8 Rxd8 20. Rd1 Re8 21. Nd5 Nxd5 22. Rxd5 Bf6 23. c3 Qxd5 24. exd5 Rxe2 25. Kf1 Rxb2 26. d6 Rxa2 27. d7 Rc2 28. Be5 Rd2 29. Bxf6 0-1

[Event "Llinars del Valles op 1st"]
[Site "Llinars del Valles"]
[Date "2021.06.30"]
[Round "6"]
[White "Barat Serna, Judit"]
[Black "Garcia Punzano, Josep Lluis"]
[Result "1-0"]
[WhiteElo "1290"]
[BlackElo "1654"]
[PlyCount "87"]
[EventDate "2021.06.25"]
[EventType "swiss"]
[EventRounds "9"]
[EventCountry "ESP"]
[SourceTitle "CBM 203 Extra"]
[Source "ChessBase"]
[SourceDate "2021.09.30"]
[SourceVersion "1"]
[SourceVersionDate "2021.09.30"]
[SourceQuality "1"]

1. e4 c5 2. d4 cxd4 3. c3 d3 4. Bxd3 Nc6 5. Nf3 d6 6. h3 g6 7. 0-0 Bg7 8. Qe2 Nf6 9. Be3 0-0 10. Rd1 Nd7 11. c4 Nde5 12. Nc3 Nxd3 13. Qxd3 Ne5 14. Nxe5 Bxe5 15. f4 Bxc3 16. Qxc3 Qc7 17. f5 f6 18. fxg6 hxg6 19. c5 dxc5 20. Bxc5 Be6 21. Qa3 Rf7 22. Bxa7 Rff8 23. Qe3 Qa5 24. Bc5 Rf7 25. a3 Qc7 26. b4 b5 27. Rac1 Bc4 28. Rd4 e5 29. Rd6 Rd7 30. Rxf6 Kh7 31. Qg3 Rg8 32. Qh4+ Kg7 33. Qg5 Kh7 34. Be3 Kh8 35. Rb6 Rf7 36. Kh2 Qe7 37. Qg3 g5 38. Bc5 Qe8 39. Bd6 Rf4 40. Qc3 Rxe4 41. Re1 Rxe1 42. Qxe1 e4 43. Rb7 Qe6 44. Qc3+ 1-0

[Event "Llinars del Valles op 1st"]
[Site "Llinars del Valles"]
[Date "2021.06.25"]
[Round "1"]
[White "Garcia Punzano, Josep Lluis"]
[Black "Alvarado Diaz, Alejandro"]
[Result "0-1"]
[WhiteElo "1654"]
[BlackElo "2396"]
[PlyCount "71"]
[EventDate "2021.06.25"]
[EventType "swiss"]
[EventRounds "9"]
[EventCountry "ESP"]
[SourceTitle "CBM 203 Extra"]
[Source "ChessBase"]
[SourceDate "2021.09.30"]
[SourceVersion "1"]
[SourceVersionDate "2021.09.30"]
[SourceQuality "1"]

1. e4 c5 2. Nf3 Nc6 3. d4 cxd4 4. Nxd4 g6 5. Nc3 Bg7 6. Be3 Nf6 7. Nxc6 bxc6 8. f3 0-0 9. Bc4 Bb7 10. Bd4 d5 11. Bxf6 Bxf6 12. exd5 Bxc3+ 13. bxc3 cxd5 14. Rb1 Rb8 15. Bb3 Qc7 16. Qd3 Rfc8 17. 0-0 e6 18. Qd4 a5 19. Rfd1 Ba6 20. Ba4 Rxb1 21. Rxb1 Qxc3 22. Qxc3 Rxc3 23. Rb8+ Kg7 24. Ra8 Bc4 25. Rc8 Ra3 26. Bb3 Bxb3 27. axb3 a4 28. bxa4 Rxa4 29. Kf2 h5 30. g3 Kf6 31. Rc7 g5 32. h3 h4 33. g4 Ra1 34. Rc3 Rh1 35. Kg2 Rd1 36. Rc7 0-1

[Event "Barcelona Sant Marti op 9th"]
[Site "Barcelona"]
[Date "2020.03.12"]
[Round "9"]
[White "Martinez Diaz, Francisco Javier"]
[Black "Garcia Punzano, Josep Lluis"]
[Result "1-0"]
[WhiteElo "1748"]
[BlackElo "1594"]
[PlyCount "111"]
[EventDate "2020.01.16"]
[EventType "swiss"]
[EventRounds "9"]
[EventCountry "ESP"]
[SourceTitle "EXT 2021"]
[Source "ChessBase"]
[SourceDate "2020.10.23"]
[SourceVersion "1"]
[SourceVersionDate "2020.10.23"]
[SourceQuality "1"]

1. e4 c5 2. Nf3 d6 3. d4 cxd4 4. Nxd4 Nf6 5. Nc3 a6 6. Bg5 e6 7. f4 Be7 8. Bd3 0-0 9. Qe2 b5 10. e5 dxe5 11. fxe5 Qxd4 12. 0-0-0 Qg4 13. Qxg4 Nxg4 14. Bxe7 Nf2 15. Bxf8 Nxd1 16. Rxd1 Kxf8 17. Be4 Ra7 18. Rd8+ Ke7 19. Rxc8 Nd7 20. Rh8 h6 21. Rg8 g6 22. Ra8 Rxa8 23. Bxa8 Nxe5 24. b4 Nd7 25. Bb7 Nb8 26. Ne4 Kd8 27. Nc5 Kc7 28. Bf3 e5 29. Kd2 f5 30. Ba8 e4 31. Ke3 Kb6 32. g4 a5 33. a3 axb4 34. axb4 Kc7 35. Bd5 Kd6 36. gxf5 gxf5 37. Kd4 e3 38. Nb7+ Kc7 39. Kxe3 Nd7 40. Kd4 Nf6 41. Bf3 h5 42. Ke5 Ng4+ 43. Bxg4 fxg4 44. Nc5 h4 45. Ne6+ Kc6 46. Nf4 h3 47. Ne2 Kc7 48. Kd5 Kb6 49. Kd6 Kb7 50. Kc5 Ka6 51. Kc6 Ka7 52. Kxb5 Kb7 53. c4 Ka7 54. Kc6 Kb8 55. Kd7 Kb7 56. c5 1-0

[Event "Barcelona Sant Marti op 9th"]
[Site "Barcelona"]
[Date "2020.03.05"]
[Round "8"]
[White "Garcia Punzano, Josep Lluis"]
[Black "Calderon Gutierrez, Felipe"]
[Result "1-0"]
[WhiteElo "1594"]
[BlackElo "1848"]
[PlyCount "45"]
[EventDate "2020.01.16"]
[EventType "swiss"]
[EventRounds "9"]
[EventCountry "ESP"]
[SourceTitle "CBM 195 Extra"]
[Source "ChessBase"]
[SourceDate "2020.05.31"]
[SourceVersion "1"]
[SourceVersionDate "2020.05.31"]
[SourceQuality "1"]

1. e4 c5 2. Nf3 d6 3. d4 cxd4 4. Nxd4 Nf6 5. Nc3 a6 6. Bc4 e6 7. Bg5 Be7 8. 0-0 0-0 9. f4 b5 10. Bb3 b4 11. e5 bxc3 12. exf6 Bxf6 13. Bxf6 Qxf6 14. bxc3 Bb7 15. Rb1 Ra7 16. Qd3 Nd7 17. Ne2 Nc5 18. Qxd6 Qg6 19. Ng3 Nxb3 20. Rxb3 Qxc2 21. Rf2 Qc1+ 22. Nf1 Bd5 23. Rb8 1-0